000 00537nam a22002177a 4500
003 UA-OsUOA
001 49017
007 ta
008 20070917b un ||||| |||| 00| 0 ukr d
090 _a82.09
_bФ74
942 _cBK
040 _aUA-OsUOA
_brus
_cUA-OsUOA
_dUA-OsUOA
245 _aФольклор народов РСФР
300 _a160 с.
955 _a2
041 _arus
080 _a82.09
260 _aУфа
_c1984
650 7 _a82 Література. Літературознавство
_2UDC
999 _c335120
_d335120